La Industrial + : Per un recinte de l'Escola Industrial més verd, més sostenible i més obert a la ciutadania i a la innovació Per un recinte de l'Escola Industrial més verd, més sostenible i més obert a la ciutadania i a la innovació
MARC
| LEADER | 00000nam a22000007a 4500 | ||
|---|---|---|---|
| 001 | 28444, 28445 | ||
| 003 | AGDB | ||
| 005 | 20260324181522.0 | ||
| 008 | 240318b spa||||| |||| 00| 0 cat d | ||
| 017 | |a B 12386-2023 | ||
| 017 | |a B 11865-2023 | ||
| 040 | |a agdb |b cat | ||
| 041 | |a cat | ||
| 245 | |a La Industrial + : |b Per un recinte de l'Escola Industrial més verd, més sostenible i més obert a la ciutadania i a la innovació | ||
| 260 | |a Barcelona : |b Diputació de Barcelona ; |c 2023 | ||
| 300 | |a 1 quadríptic ; |b il·lustracions color ; |c 15 x 21 cm | ||
| 546 | |a També en castellà (R. 28446) | ||
| 650 | 0 | |a Recinte de l'Escola Industrial (Barcelona) |v Projectes |9 70587 | |
| 655 | 0 | |a Fulletons |9 55858 | |
| 710 | 1 | |a Barcelona (Catalunya : Província). |b Diputació |9 52408 | |
| 856 | 4 | 0 | |u https://www.diba.cat/documents/348551718/404202347/WEB_La+Industrial_quadriptic_A5_CAT_29-9-23.pdf/e77e7249-cf06-8816-ab5f-90002af45f73?t=1705663431912 |y Accés lliure (Portal La Industrial +) |
| 942 | |c ARXIU |n 1 | ||
| 952 | |0 0 |1 0 |4 0 |6 FU7692 |7 1 |9 96864 |a Arxiu |b Arxiu |d 2024-03-18 |h Ed. juny 2023 |l 0 |o FU-76-92 |p 28444 |r 2024-03-18 00:00:00 |w 2024-03-18 |y ARXIU | ||
| 952 | |0 0 |1 0 |4 0 |6 FU7693 |7 1 |9 96865 |a Arxiu |b Arxiu |d 2024-03-18 |h Ed. octubre 2023 |l 0 |o FU-76-93 |p 28445 |r 2024-03-18 00:00:00 |w 2024-03-18 |y ARXIU | ||
| 999 | |c 128700 |d 128700 | ||